000 00672 a2200253 4500
005 20260417115542.0
008 260416b |||||||| |||| 00| 0 eng d
020 _a9789390219452
_cRs. 1065.00
040 _aMAIN
082 _a338.544
_bK221F(7)
100 _aKeating, Barry
245 _aForecasting and predictive analytics with forecast
250 _a7th
260 _bMcGraw Hill Education
_c2023
_aDelhi
300 _axviii, 592
650 _aSocial Sciences
650 _aEconomics
650 _aProduction
650 _aForecasting
700 _aWilson, Holton J
700 _aChowdhury, Shovan
700 _aSolutions, John Galt
942 _cBK
999 _c396988
_d396988